01215cam a2200313 i 4500003000900000005001700009007000300026008004100029020001800070040003000088082001300118100002800131245013500159264005900294300003100353336002700384337003400411338002800445590002700473650005300500700005100553700004100604700004000645700003900685910001400724942001400738952013200752999001700884DO-SdBNP20231011133217.0ta751003s2010 sp 000 f spa d a9788492812295 aDO-SdBNPbspacBNPHUerda 4bC1722221 aCamara, Dionisio98445710aGestión práctica de pymes :bcómo optimizar los resultados de su empresa /cDionisio Camara, Francisco Javier Santibáñez 1aMadrid, España :bIbergarceta publicaciones, c2010. axii, 261 páginasc24 cm. 2rdacontentatextobtxt 2rdamediaasin mediación bn 2rdacarrieravolumenbnc aInventariado, 2023/ YL 4aPequeñas y medianas empresasxGestión9844581 aSantibáñez, Francisco Javiereautor9844361 aSteiner, Georgeecomentarios 9260881 aHuxley, Aldousecomentarios 9844531 aChomsky, Noamecomentarios 944916 aYlockward 2ddccLBS1 00102ddc56708GRaBNPHUbBNPHUcCTd2019-02-02eLibrería Cuestal0oBNPHU GR C172p2023-6864r2023-10-11w2023-10-11yLBS1 c55152d55152